| 000 | 01042nam a2200253 a 4500 | ||
|---|---|---|---|
| 005 | 20210223131931.0 | ||
| 008 | 121114s1996 mx r 000 0 spa d | ||
| 020 | _a9688592129 | ||
| 035 | _aUPN01000188552 | ||
| 049 | _aC | ||
| 050 | 4 |
_aHM701 _bC6.3 |
|
| 100 | 1 |
_aCorsi, Giancarlo _933821 |
|
| 245 | 1 | 0 |
_aGlosario sobre la teoría social de Niklas Luhmann / _cCorsi Giancarlo, Elena Esposito, Claudio Baraldi ; tr. Miguel Romero Pérez. |
| 260 |
_aMéxico : _bUniversidad Iberoamericana : _bInstituto Tecnológico y de Estudios Superiores de Occidente, _c1996. |
||
| 300 | _a191 p. | ||
| 440 | 0 |
_aAutores, textos y temas. _v9. _pCiencias sociales |
|
| 534 |
_pTítulo original: _tLuhmann in glossario : i concetti fondamentali della teoria dei sistemi sociali |
||
| 650 | 4 |
_aSISTEMAS SOCIALES - _xTERMINOLOGIA _922083 |
|
| 600 | 1 | 4 |
_aLUHMANN, NIKLAS, _d1927-1998 - _xLENGUAJE - _vGLOSARIOS, VOCABULARIOS, ETC. _922084 |
| 700 | 1 |
_aBaraldi, Claudio, _ecoaut. |
|
| 700 | 1 |
_aEsposito, Elena, _ecoaut. |
|
| 905 | _aLibro | ||
| 999 |
_c160655 _d160655 |
||